书目信息 |
| 题名: |
李政道文录
|
|
| 作者: | 柳怀祖 编 | |
| 分册: | ||
| 出版信息: | 杭州 浙江文艺出版社 1999.05 |
|
| 页数: | 233页 | |
| 开本: | 32开 | |
| 丛书名: | ||
| 单 册: | ||
| 中图分类: | I267.1 | |
| 科图分类: | ||
| 主题词: | 散文--中国 , 散文--作品综合集--中国 | |
| 电子资源: | ||
| ISBN: | 7-5339-1079-6 | |
| 000 | 00567nam0 2200205 45 | |
| 001 | 0012131726 | |
| 005 | 20001213173322.1 | |
| 010 | @a7-5339-1079-6@d14.00元 | |
| 100 | @a20001213d1999 km y0chiy0120 ea | |
| 101 | 0 | @achi |
| 105 | @a z 000yy | |
| 200 | 1 | @a李政道文录@ALi Zheng Dao Wen Lu@f柳怀祖编@FLiu Huai Zu Bian |
| 210 | @a杭州@c浙江文艺出版社@d1999.05 | |
| 215 | @a233页@d32开 | |
| 606 | 0 | @a散文@x中国 |
| 606 | 0 | @a散文@x作品综合集@x中国 |
| 690 | @aI267.1@v3 | |
| 701 | 0 | @a柳怀祖@4编 |
| 801 | @aCN@bPftUser@c20001213 | |
| 905 | @b312748@dI267.1@eL155@f1 | |
| 李政道文录/柳怀祖编.-杭州:浙江文艺出版社,1999.05 |
| 233页;32开 |
| ISBN 7-5339-1079-6:14.00元 |
| ● |
| 相关链接 |
|
|
|
正题名:李政道文录
索取号:I267.1/L155
 
预约/预借
| 序号 | 登录号 | 条形码 | 馆藏地/架位号 | 状态 | 备注 |
| 1 | 312748 | 203127482 | 社科二线400B/400B社科库 27排2列6层/ [索取号:I267.1/L155] | 在馆 |